[Event "XII Festival A"]
[Site "Campobasso ITA"]
[Date "2005.07.10"]
[Round "5"]
[White "Petruccioli, Antonio"]
[Black "Vuelban, Virgilio"]
[Result "0-1"]
[WhiteElo "2083"]
[BlackElo "2305"]
[PlyCount "124"]
[EventDate "2005.07.08"]

1. e4 c5 2. Nf3 d6 3. Bb5+ Nc6 4. d4 cxd4 5. Nxd4 Bd7 6. O-O Nf6 7. Nc3 e6 8.
Kh1 Be7 9. f4 O-O 10. Nf3 a6 11. Bd3 Nb4 12. Be2 Qc7 13. a3 Nc6 14. Be3 Na5 15.
Bd4 Nc4 16. b3 Na5 17. e5 Ne8 18. Ne4 Nc6 19. Bb2 dxe5 20. fxe5 Rd8 21. Bd3 h6
22. Qe1 Bc8 23. Rd1 Rd5 24. c4 Rd8 25. b4 f5 26. exf6 Nxf6 27. Nxf6+ Bxf6 28.
Bxf6 gxf6 29. b5 Ne5 30. Nxe5 Qxe5 31. Qxe5 fxe5 32. Kg1 Rd4 33. Rxf8+ Kxf8 34.
Kf2 Ke7 35. Ke3 Kd6 36. Be2 Kc5 37. bxa6 bxa6 38. Rb1 Bd7 39. g3 Bc6 40. Rb8
Re4+ 41. Kf2 Rd4 42. Rc8 Rd2 43. Ke1 Rd4 44. Rh8 Rd6 45. Rxh6 Kd4 46. Kd2 e4
47. Rh4 Rd8 48. g4 e3+ 49. Kd1 Be4 50. g5 Rb8 51. Rxe4+ Kxe4 52. h4 Kf5 53. Kc2
e5 54. Kc3 Rh8 55. h5 Kxg5 56. c5 Rc8 57. Kc4 Rd8 58. Kc3 Rd5 59. Bxa6 Rxc5+
60. Kb3 Rc6 61. Be2 Kf4 62. a4 Rg6 0-1

[Event "XII Festival A"]
[Site "Campobasso ITA"]
[Date "2005.07.10"]
[Round "5"]
[White "Piro, Valerio"]
[Black "D'Innocente, Stefano"]
[Result "0-1"]
[WhiteElo "2102"]
[BlackElo "2276"]
[PlyCount "64"]
[EventDate "2005.07.08"]

1. Nf3 d5 2. c4 e6 3. Nc3 c6 4. d3 Nf6 5. g3 Nbd7 6. Bg2 Bd6 7. O-O O-O 8. Rb1
Qe7 9. a3 b6 10. e3 Bb7 11. Qe2 e5 12. Nh4 g6 13. e4 dxe4 14. dxe4 Nc5 15. Bh3
Bc8 16. Bh6 Bxh3 17. Bxf8 Rxf8 18. Rfd1 Ne6 19. f3 Nd4 20. Qe3 Be6 21. Qh6 Kh8
22. Kh1 Ng8 23. Qe3 Bxc4 24. b4 c5 25. Na4 Bb5 26. Nc3 Bc6 27. b5 Bb7 28. Ng2
f5 29. Ne1 Nf6 30. a4 fxe4 31. Nxe4 Bxe4 32. fxe4 Ng4 0-1

[Event "XII Festival A"]
[Site "Campobasso ITA"]
[Date "2005.07.10"]
[Round "5"]
[White "Ragnoni, Edoardo"]
[Black "Attianese, Aniello"]
[Result "1/2-1/2"]
[WhiteElo "1802"]
[BlackElo "1953"]
[PlyCount "37"]
[EventDate "2005.07.08"]

1. e4 e6 2. Nf3 d5 3. Nc3 Nf6 4. e5 Nfd7 5. d4 c5 6. Bb5 Nc6 7. dxc5 Bxc5 8.
O-O O-O 9. Bf4 Qc7 10. Re1 f6 11. Nxd5 exd5 12. Qxd5+ Kh8 13. e6 Qb6 14. exd7
Bxd7 15. Qxd7 Bxf2+ 16. Kh1 Qxb5 17. Rf1 Bc5 18. b3 Qb6 19. Bg3 1/2-1/2

[Event "XII Festival A"]
[Site "Campobasso ITA"]
[Date "2005.07.10"]
[Round "5"]
[White "Rossi, Aldo A."]
[Black "Stromboli, Ettore"]
[Result "1/2-1/2"]
[WhiteElo "2154"]
[BlackElo "2192"]
[PlyCount "23"]
[EventDate "2005.07.08"]

1. d4 Nf6 2. Nf3 b6 3. Bf4 Ba6 4. c3 e6 5. a4 Be7 6. a5 O-O 7. axb6 axb6 8.
Nbd2 d6 9. e3 Bb7 10. Rxa8 Bxa8 11. h3 Nbd7 12. Be2 1/2-1/2

[Event "XII Festival A"]
[Site "Campobasso ITA"]
[Date "2005.07.10"]
[Round "5"]
[White "Sannino, Raffaele"]
[Black "Canelli, Daniele"]
[Result "1/2-1/2"]
[WhiteElo "2005"]
[BlackElo "2080"]
[PlyCount "130"]
[EventDate "2005.07.08"]

1. e4 c5 2. Bc4 e6 3. Qe2 Nc6 4. c3 Be7 5. Bb3 Nf6 6. Nf3 O-O 7. O-O e5 8. Rd1
d6 9. d3 Bg4 10. Nbd2 Nh5 11. h3 Nf4 12. Qf1 Bh5 13. g3 Ne6 14. g4 Bg6 15. Nc4
b5 16. Ne3 Ng5 17. Ne1 Qd7 18. h4 c4 19. dxc4 bxc4 20. Bxc4 Bxe4 21. hxg5 Bxg5
22. f3 Bg6 23. N1g2 Ne7 24. Nd5 Bxc1 25. Raxc1 Kh8 26. Bb5 Qb7 27. Ba6 Qd7 28.
Nxe7 Qxe7 29. Bd3 f5 30. gxf5 Bxf5 31. Bxf5 Rxf5 32. Qd3 Rf6 33. c4 Raf8 34.
Rf1 a5 35. Qe3 Rg6 36. c5 d5 37. c6 Qc7 38. Qc5 Rd8 39. Qb5 Qa7+ 40. Qc5 Qc7
41. Rf2 d4 42. Qb5 Rb8 43. Qd5 Rd8 44. Qe4 d3 45. Rd2 Rd4 46. Qe3 Rxc6 47. Rxc6
Qxc6 48. Rxd3 Rxd3 49. Qxd3 Qc1+ 50. Kf2 Qxb2+ 51. Kg3 Qb8 52. Qd5 a4 53. Ne3
h6 54. Qe4 a3 55. Nc4 Qa7 56. Qe3 Qf7 57. Qe4 Qa7 58. Kg2 Qf7 59. Kf2 Qa7+ 60.
Qe3 Qe7 61. Nxa3 Qh4+ 62. Ke2 Qh2+ 63. Qf2 Qf4 64. Kd1 Qa4+ 65. Nc2 Qxa2
1/2-1/2

[Event "XII Festival A"]
[Site "Campobasso ITA"]
[Date "2005.07.10"]
[Round "5"]
[White "Strippoli, Michele"]
[Black "Vanzan, Alessandro"]
[Result "1-0"]
[WhiteElo "1808"]
[BlackElo "1886"]
[PlyCount "71"]
[EventDate "2005.07.08"]

1. e4 c5 2. Nf3 d6 3. d3 Nc6 4. g3 g6 5. Bg2 Bg7 6. Nbd2 Nf6 7. O-O O-O 8. c3
Rb8 9. a4 Nd7 10. Nc4 a6 11. Nh4 b5 12. axb5 axb5 13. Ne3 Bb7 14. f4 e6 15. Qe1
b4 16. Nc4 Nb6 17. Na5 Nxa5 18. Rxa5 bxc3 19. bxc3 Ra8 20. c4 Na4 21. Bd2 Nb2
22. Rb5 Nxd3 23. Qe2 Bd4+ 24. Be3 Nxf4 25. Rxf4 Bc6 26. Bxd4 Bxb5 27. Bf6 Qb6
28. cxb5 c4+ 29. Kh1 Qxb5 30. Rf1 Rae8 31. Qd2 Qh5 32. Bf3 c3 33. Qxc3 Qb5 34.
Bg2 Qh5 35. Qd2 h6 36. g4 1-0

[Event "XII Festival A"]
[Site "Campobasso ITA"]
[Date "2005.07.10"]
[Round "5"]
[White "Vanacore, Francesco"]
[Black "Angelillis, Nicola"]
[Result "0-1"]
[WhiteElo "1868"]
[BlackElo "1826"]
[PlyCount "91"]
[EventDate "2005.07.08"]

1. e4 c5 2. Nf3 d6 3. d3 Nc6 4. g3 g6 5. Bg2 Bg7 6. O-O e6 7. c3 Nge7 8. Nbd2
O-O 9. a4 b6 10. Re1 Bb7 11. Nc4 Qc7 12. Bf4 e5 13. Bd2 d5 14. exd5 Nxd5 15.
Qb3 Rad8 16. Rad1 Ba6 17. Nfxe5 Bxe5 18. Nxe5 Nxe5 19. Bxd5 Nxd3 20. Re4 c4 21.
Bxc4 Nc5 22. Bf4 Nxb3 23. Rxd8 Qxd8 24. Bxb3 Bb7 25. Rd4 Qe7 26. Be3 Rd8 27.
Rf4 Ba8 28. Kf1 Bd5 29. c4 Qb4 30. Ba2 Qxb2 31. Bd4 Qxa2 32. cxd5 Qxd5 33. Bf6
Qh1+ 34. Ke2 Re8+ 35. Kd2 Qxh2 36. Bd4 Qg2 37. Kc3 Re4 38. Rf6 Rxd4 39. Kxd4
Kg7 40. Rf4 Qc6 41. Kd3 a5 42. Rc4 Qf3+ 43. Kd4 Qxf2+ 44. Kd5 Qxg3 45. Kc6 Qb8
46. Kb5 0-1

[Event "XII Festival A"]
[Site "Campobasso ITA"]
[Date "2005.07.10"]
[Round "5"]
[White "Voiska, Margarita"]
[Black "Stromboli, Carlo"]
[Result "1-0"]
[WhiteElo "2328"]
[BlackElo "2158"]
[PlyCount "113"]
[EventDate "2005.07.08"]

1. d4 Nf6 2. Nf3 e6 3. e3 b6 4. Bd3 Bb7 5. Nbd2 c5 6. O-O Be7 7. b3 O-O 8. Bb2
Ba6 9. c4 Nc6 10. Ne5 Rc8 11. Nxc6 Rxc6 12. Nf3 Rc8 13. e4 d5 14. e5 Nd7 15.
Qb1 g6 16. cxd5 Bxd3 17. Qxd3 exd5 18. Rac1 cxd4 19. Qxd4 Nc5 20. Rfd1 Ne6 21.
Qa4 Nc5 22. Qb5 a6 23. Qe2 Qd7 24. h4 Rfd8 25. h5 Qg4 26. hxg6 hxg6 27. Nd4
Qxe2 28. Nxe2 Ne6 29. Rxc8 Rxc8 30. Nc3 Nc7 31. g3 Rd8 32. Ne2 Ne6 33. Nd4 Nxd4
34. Bxd4 Bc5 35. Bc3 a5 36. Kf1 Kf8 37. Bd2 Re8 38. Bh6+ Ke7 39. Rxd5 Ke6 40.
Rd2 Bb4 41. Rc2 Bc5 42. Kg2 Rd8 43. Re2 Rd4 44. Bc1 Rd3 45. Bb2 Rd5 46. Rc2 Rd7
47. Kf1 Rd5 48. Ke2 Rd7 49. Rc4 Rd5 50. f3 Bb4 51. Rc6+ Kd7 52. Rc2 Rc5 53.
Rxc5 Bxc5 54. Kd3 b5 55. a4 bxa4 56. bxa4 Bf2 57. g4 1-0

[Event "XII Festival A"]
[Site "Campobasso ITA"]
[Date "2005.07.10"]
[Round "6"]
[White "Attianese, Aniello"]
[Black "Vanacore, Francesco"]
[Result "0-1"]
[WhiteElo "1953"]
[BlackElo "1868"]
[PlyCount "76"]
[EventDate "2005.07.08"]

1. d4 Nf6 2. c4 e5 3. dxe5 Ng4 4. Bf4 Nc6 5. Nf3 Bb4+ 6. Nbd2 Qe7 7. e3 Ngxe5
8. Nxe5 Nxe5 9. Be2 d6 10. a3 Bxd2+ 11. Qxd2 Ng6 12. Bg3 O-O 13. Bf3 Nh4 14.
Bxh4 Qxh4 15. Qd4 Qxd4 16. exd4 Re8+ 17. Kd2 c6 18. Rhe1 Bf5 19. Re3 Kf8 20.
Rae1 Rxe3 21. fxe3 Re8 22. e4 Bg6 23. h4 f6 24. Re2 a5 25. Kc3 Ke7 26. e5 fxe5
27. dxe5 dxe5 28. Rxe5+ Kd6 29. Rxe8 Bxe8 30. Kd4 c5+ 31. Ke3 b6 32. Bd5 Ke5
33. g3 h6 34. Bg8 g5 35. hxg5 hxg5 36. Bh7 Bf7 37. Kd3 Be6 38. Be4 Bf5 0-1

[Event "XII Festival A"]
[Site "Campobasso ITA"]
[Date "2005.07.10"]
[Round "6"]
[White "Bocci, Alessandro"]
[Black "Strippoli, Michele"]
[Result "1/2-1/2"]
[WhiteElo "1947"]
[BlackElo "1808"]
[PlyCount "89"]
[EventDate "2005.07.08"]

1. d4 e6 2. c4 Nf6 3. Nf3 b6 4. Nc3 Bb7 5. Bg5 Be7 6. e3 d6 7. Be2 Nbd7 8. O-O
O-O 9. Nd2 c5 10. Bf3 Qc7 11. Bxb7 Qxb7 12. Qf3 Qxf3 13. Nxf3 Rac8 14. Nd2 cxd4
15. exd4 d5 16. cxd5 Nxd5 17. Bxe7 Nxe7 18. Rfe1 Nf6 19. Nf3 Rfd8 20. Rad1 Ned5
21. Nxd5 Nxd5 22. Kf1 Rc2 23. Re2 Rdc8 24. g3 Kf8 25. Rxc2 Rxc2 26. Rd2 Rxd2
27. Nxd2 Ke7 28. Ke2 Nb4 29. a3 Nc6 30. Kd3 h6 31. Ne4 Kd7 32. b4 Ne7 33. Nc3
a6 34. Na4 Kc6 35. Nc3 Nd5 36. Nxd5 Kxd5 37. f3 b5 38. g4 g5 39. Kc3 e5 40.
dxe5 Kxe5 41. Kd3 Kf4 42. Ke2 f5 43. h3 fxg4 44. hxg4 Ke5 45. Ke3 1/2-1/2

[Event "XII Festival A"]
[Site "Campobasso ITA"]
[Date "2005.07.10"]
[Round "6"]
[White "Borin, Fabio"]
[Black "Capuano, Eugenio"]
[Result "0-1"]
[WhiteElo "2184"]
[BlackElo "2173"]
[PlyCount "48"]
[EventDate "2005.07.08"]

1. e4 c5 2. Nf3 d6 3. d4 cxd4 4. Nxd4 Nf6 5. f3 Nc6 6. c4 Nxd4 7. Qxd4 g6 8.
Nc3 Bg7 9. Bg5 O-O 10. Be2 Be6 11. Qd2 Qa5 12. Nd5 Qxd2+ 13. Kxd2 Bxd5 14. cxd5
Rfc8 15. Rac1 Kf8 16. Be3 Nd7 17. Bxa7 Rxc1 18. Rxc1 Bxb2 19. Rb1 Rxa7 20. Rxb2
Nc5 21. Bb5 Kg7 22. Kc3 h5 23. Kb4 Kf6 24. Be8 Nd3+ 0-1

[Event "XII Festival A"]
[Site "Campobasso ITA"]
[Date "2005.07.10"]
[Round "6"]
[White "Cappai, Davide"]
[Black "Fioravanti, Diego"]
[Result "0-1"]
[WhiteElo "2115"]
[BlackElo "2150"]
[PlyCount "121"]
[EventDate "2005.07.08"]

1. e4 c5 2. Nf3 d6 3. c3 Nf6 4. Be2 Nc6 5. d3 e5 6. a3 h6 7. O-O Be7 8. Ne1 d5
9. Qc2 Bd6 10. b4 O-O 11. Nd2 cxb4 12. axb4 d4 13. b5 dxc3 14. bxc6 cxd2 15.
Bxd2 bxc6 16. Qxc6 Be6 17. Ra6 Bc7 18. Bb4 Re8 19. Nf3 Bg4 20. Bc5 Re6 21. Qa4
Rxa6 22. Qxa6 Bxf3 23. Bxf3 Bb6 24. Ba3 Bd4 25. Rb1 Rb8 26. Rxb8 Qxb8 27. h3
Kh7 28. Bc1 Qb4 29. Kf1 Qb1 30. Qa3 Nd7 31. Bd1 Nc5 32. Ke2 Ne6 33. Be3 Qb6 34.
Qc1 a5 35. Qc2 Qb4 36. Bd2 Qb5 37. Qc4 Qb2 38. Qc1 Nf4+ 39. Kf3 Qxc1 40. Bxc1
Nxd3 41. Bd2 Nb2 42. Bb3 a4 43. Bxf7 Nd3 44. Bc4 Nc5 45. Bb4 Nb3 46. Bb5 Bc5
47. Bxa4 Nd4+ 48. Ke3 Bxb4 49. f4 Ne6 50. fxe5 Kg8 51. Bb3 Kf7 52. h4 Bc3 53.
g4 g6 54. h5 g5 55. Kd3 Bxe5 56. Kc4 Kf6 57. Bd1 Nf4 58. Ba4 Bb2 59. Kb3 Bd4
60. Kc4 Ke5 61. Bd7 0-1

[Event "XII Festival A"]
[Site "Campobasso ITA"]
[Date "2005.07.10"]
[Round "6"]
[White "Castrogiovanni, Carlo"]
[Black "Muolo, Angelo"]
[Result "1-0"]
[WhiteElo "2108"]
[BlackElo "1873"]
[PlyCount "93"]
[EventDate "2005.07.08"]

1. Nf3 c5 2. c4 Nf6 3. Nc3 a6 4. g3 e6 5. Bg2 Be7 6. O-O O-O 7. d4 cxd4 8. Nxd4
Qc7 9. Qb3 Nc6 10. Nxc6 bxc6 11. Qc2 d5 12. Na4 a5 13. Bg5 Qd8 14. Rfd1 Ba6 15.
c5 h6 16. Bf4 Nd7 17. e4 Bb5 18. Be3 Bf6 19. Rab1 Qc8 20. Nc3 Ba6 21. a3 Rb8
22. b4 axb4 23. axb4 Ne5 24. exd5 exd5 25. b5 cxb5 26. Nxd5 Bd8 27. Bf4 f6 28.
c6 Rf7 29. Nb4 Kf8 30. Rxd8+ Qxd8 31. Nxa6 Rc8 32. c7 Qd6 33. Bb7 Rfxc7 34.
Nxc7 Rxc7 35. Qe4 Qb6 36. Bxe5 Rxb7 37. Bd4 Qa6 38. Qd5 g5 39. Rc1 Rf7 40. Rc6
Qa5 41. Bc3 Qa8 42. Kg2 Kg7 43. Rd6 Qe8 44. Qf3 Qe7 45. Rb6 h5 46. Rxb5 Qd7 47.
Rxg5+ 1-0

[Event "XII Festival A"]
[Site "Campobasso ITA"]
[Date "2005.07.10"]
[Round "6"]
[White "Colucci, Stefano"]
[Black "Iodice, Fabio"]
[Result "1-0"]
[WhiteElo "1856"]
[BlackElo "1802"]
[PlyCount "63"]
[EventDate "2005.07.08"]

1. d4 d5 2. Nf3 Nf6 3. c4 e6 4. Nc3 Be7 5. Bg5 O-O 6. e3 Nbd7 7. Bd3 c6 8. O-O
dxc4 9. Bxc4 Nd5 10. Bxe7 Qxe7 11. Ne4 N5f6 12. Ng3 Rd8 13. Qe2 b6 14. Rfd1 Bb7
15. e4 c5 16. Rac1 cxd4 17. Nxd4 Rac8 18. e5 Nd5 19. Qe1 a6 20. a3 Nf4 21. Bf1
Rxc1 22. Rxc1 Nc5 23. Qe3 Rxd4 24. Qxd4 Qg5 25. b4 Nd7 26. Qc3 h5 27. Re1 h4
28. Ne4 Bxe4 29. Rxe4 Nxe5 30. Rxe5 Nh3+ 31. Qxh3 Qxe5 32. Qxh4 1-0

[Event "XII Festival A"]
[Site "Campobasso ITA"]
[Date "2005.07.10"]
[Round "6"]
[White "Fezza, Davide"]
[Black "Di Carlo, Romeo"]
[Result "1/2-1/2"]
[WhiteElo "2062"]
[BlackElo "2085"]
[PlyCount "49"]
[EventDate "2005.07.08"]

1. e4 c6 2. d4 d5 3. exd5 cxd5 4. Bd3 Nc6 5. c3 Qc7 6. Bg5 g6 7. Nf3 Bg7 8. O-O
Nf6 9. Re1 O-O 10. Bh4 Bf5 11. Bg3 Qb6 12. Bxf5 gxf5 13. Qc2 Ne4 14. Nbd2 Rac8
15. Qb3 e6 16. Re2 Qa6 17. Ree1 Na5 18. Qd1 Qb6 19. Rb1 Nc4 20. Nxc4 Rxc4 21.
Nd2 Rcc8 22. Nxe4 fxe4 23. f3 f5 24. Qd2 Qd8 25. Qf4 1/2-1/2

[Event "XII Festival A"]
[Site "Campobasso ITA"]
[Date "2005.07.10"]
[Round "6"]
[White "Ficco, Corrado"]
[Black "Rossi, Aldo A."]
[Result "1/2-1/2"]
[WhiteElo "2170"]
[BlackElo "2154"]
[PlyCount "71"]
[EventDate "2005.07.08"]

1. e4 c5 2. Nf3 d6 3. d4 cxd4 4. Qxd4 a6 5. c4 Nc6 6. Qd2 g6 7. b3 Bg7 8. Bb2
Nf6 9. Nc3 O-O 10. Be2 Qa5 11. Rb1 Bd7 12. O-O Rfc8 13. Rfe1 Rab8 14. a3 Bg4
15. h3 Bxf3 16. Bxf3 b5 17. b4 Qb6 18. cxb5 axb5 19. Nd5 Nxd5 20. Bxg7 Kxg7 21.
exd5 Ne5 22. Be2 Rb7 23. Rbc1 Rbc7 24. Bf1 f6 25. Rxc7 Rxc7 26. Re3 Qb7 27. Qd4
Rc1 28. Qe4 Qa7 29. Re1 Rxe1 30. Qxe1 Qxa3 31. f4 Qa7+ 32. Kh2 Nc4 33. Bxc4
bxc4 34. b5 Kf8 35. Qb4 Qd4 36. b6 1/2-1/2

[Event "XII Festival A"]
[Site "Campobasso ITA"]
[Date "2005.07.10"]
[Round "6"]
[White "Gojani, Mentor"]
[Black "Piro, Valerio"]
[Result "1-0"]
[WhiteElo "1869"]
[BlackElo "2102"]
[PlyCount "57"]
[EventDate "2005.07.08"]

1. e4 c6 2. Bc4 d5 3. exd5 cxd5 4. Bb3 Nf6 5. d3 Nc6 6. a3 Bg4 7. f3 Bf5 8. Bg5
e6 9. Qd2 h6 10. Bh4 Be7 11. Nc3 a6 12. O-O-O Nd4 13. Nce2 Nc6 14. g4 Bh7 15.
g5 Nd7 16. f4 hxg5 17. Bxg5 f6 18. Qe3 Bf5 19. Ng3 Nb6 20. Nxf5 exf5 21. Nf3
fxg5 22. Nxg5 Rh6 23. Ne6 Rxe6 24. Qxe6 Qd7 25. Qg8+ Bf8 26. Rde1+ Ne7 27. Rhg1
Kd8 28. Qxf8+ Kc7 29. Qxe7 1-0

[Event "XII Festival A"]
[Site "Campobasso ITA"]
[Date "2005.07.10"]
[Round "6"]
[White "Leveque, Sergio"]
[Black "Grimaldi, Pasquale"]
[Result "1/2-1/2"]
[WhiteElo "2109"]
[BlackElo "1910"]
[PlyCount "102"]
[EventDate "2005.07.08"]

1. c4 c5 2. g3 Nc6 3. Bg2 g6 4. Nc3 Bg7 5. e4 e5 6. Nge2 Nge7 7. O-O O-O 8. Rb1
d6 9. d3 Be6 10. a3 Qd7 11. b4 Nd4 12. bxc5 dxc5 13. Nd5 Nec6 14. Nxd4 Nxd4 15.
Be3 b6 16. Bxd4 cxd4 17. a4 f6 18. Rb5 Rf7 19. a5 bxa5 20. Qa4 Bf8 21. Qxa5 Qd8
22. Ra1 Rb8 23. Qxd8 Rxd8 24. Bf3 f5 25. Kg2 fxe4 26. Bxe4 Kg7 27. Rba5 Rdd7
28. Ra6 Bf5 29. f3 Bxe4 30. fxe4 Rb7 31. R1a2 Rb3 32. Re6 Rxd3 33. Rxe5 Rd1 34.
Nf4 Bd6 35. Rd5 Bxf4 36. gxf4 Rxf4 37. Rxa7+ Kh6 38. e5 Rdf1 39. Ra2 Re1 40.
Rd2 Rfe4 41. R5xd4 Rxd4 42. Rxd4 Rxe5 43. Rd5 Re2+ 44. Kg3 Rc2 45. c5 Kg7 46.
h3 Kf6 47. Kf4 Rc4+ 48. Kf3 Ke6 49. Rd6+ Ke5 50. Rd7 Rxc5 51. Rxh7 Kf6 1/2-1/2

[Event "XII Festival A"]
[Site "Campobasso ITA"]
[Date "2005.07.10"]
[Round "6"]
[White "Mrdja, Milan"]
[Black "Voiska, Margarita"]
[Result "1-0"]
[WhiteElo "2352"]
[BlackElo "2328"]
[PlyCount "43"]
[EventDate "2005.07.08"]

1. e4 d6 2. d4 g6 3. Nc3 Bg7 4. f4 Nf6 5. Nf3 O-O 6. Bd3 Bg4 7. h3 Bxf3 8. Qxf3
Nc6 9. Be3 e5 10. dxe5 dxe5 11. f5 Nd4 12. Qf2 gxf5 13. exf5 b5 14. O-O b4 15.
Ne4 Rb8 16. Rad1 Qd5 17. Qh4 Qc6 18. Kh1 h6 19. Bxh6 Nxe4 20. Bxg7 Kxg7 21. f6+
Nxf6 22. Qg5+ 1-0

[Event "XII Festival A"]
[Site "Campobasso ITA"]
[Date "2005.07.10"]
[Round "6"]
[White "Petruccioli, Antonio"]
[Black "Cioce, Enrico"]
[Result "1-0"]
[WhiteElo "2083"]
[BlackElo "1840"]
[PlyCount "160"]
[EventDate "2005.07.08"]

1. e4 c5 2. Nf3 e6 3. c3 d5 4. exd5 exd5 5. d4 Nc6 6. Be2 Nf6 7. O-O Be7 8.
dxc5 Bxc5 9. Bg5 Be7 10. Na3 O-O 11. Nc2 Qb6 12. Rb1 Bf5 13. Bd3 Be4 14. Ncd4
h6 15. Bf4 Rfe8 16. h3 Rad8 17. Nb5 Rd7 18. Ne5 Nxe5 19. Bxe5 Bxd3 20. Qxd3 Bc5
21. Bd4 a6 22. Bxc5 Qxc5 23. Nd4 Qc4 24. Qxc4 dxc4 25. f3 Rde7 26. Kf2 Nd5 27.
g3 Nb6 28. Rfd1 Re5 29. Rd2 g6 30. f4 Re3 31. Rbd1 h5 32. Nf3 R8e4 33. Rd8+ Kg7
34. R1d2 Na4 35. Ne5 h4 36. gxh4 Rxh3 37. R2d4 Rxd4 38. cxd4 Rh2+ 39. Kg3 Rxb2
40. Nxc4 Rxa2 41. Rd7 Rc2 42. Ne5 b5 43. Rxf7+ Kg8 44. Rf6 Rd2 45. Rxg6+ Kh7
46. Rd6 Nc3 47. Kg4 a5 48. f5 Rg2+ 49. Kh3 Rg3+ 50. Kh2 Ne4 51. Rb6 b4 52. f6
Rg8 53. Rb7+ Kh6 54. f7 Rd8 55. Rb6+ Kg7 56. Rg6+ Kh8 57. Rg4 Nf6 58. Rg1 Nh7
59. h5 a4 60. h6 Nf8 61. Nc6 Rd6 62. Rg8+ Kh7 63. Rxf8 Rxh6+ 64. Kg3 Kg7 65.
Rb8 Kxf7 66. Ne5+ Ke6 67. Rxb4 Kd5 68. Rxa4 Ke4 69. Nf3 Rg6+ 70. Kf2 Rf6 71.
Ra3 Rf8 72. Re3+ Kd5 73. Ke2 Rd8 74. Re5+ Kc4 75. Rc5+ Kb4 76. Rc1 Kb5 77. Kd3
Rf8 78. Ne5 Rh8 79. Rb1+ Ka6 80. Kc4 Rh4 1-0

[Event "XII Festival A"]
[Site "Campobasso ITA"]
[Date "2005.07.10"]
[Round "6"]
[White "Ragnoni, Alessandro"]
[Black "Angelillis, Nicola"]
[Result "0-1"]
[WhiteElo "2086"]
[BlackElo "1826"]
[PlyCount "88"]
[EventDate "2005.07.08"]

1. e4 c5 2. Nf3 d6 3. d4 cxd4 4. Nxd4 Nf6 5. Nc3 a6 6. Bg5 e6 7. f4 Be7 8. Qf3
Qc7 9. O-O-O Nbd7 10. Bd3 b5 11. Rhe1 Bb7 12. Qg3 b4 13. Nd5 exd5 14. e5 dxe5
15. fxe5 Nh5 16. e6 Nxg3 17. exf7+ Kxf7 18. Rxe7+ Kg8 19. hxg3 Qxg3 20. Ne6 Qe5
21. Rf1 Nc5 22. Bf6 Qe3+ 23. Kd1 Nxe6 24. Bxg7 Nxg7 25. Rxe3 Rf8 26. Rh1 h5 27.
Re7 Rf7 28. Re5 Rh6 29. g4 h4 30. g5 Rh8 31. g6 Rf8 32. Re7 Bc8 33. Rc7 h3 34.
Bf1 Bf5 35. Bxa6 Be4 36. Rh2 Bxg6 37. Bc8 Bf5 38. Bb7 Be6 39. a4 bxa3 40. bxa3
Rh4 41. Bc6 Rg4 42. Re2 Rg2 43. Rxg7+ Kxg7 44. Rxe6 Rf1+ 0-1

[Event "XII Festival A"]
[Site "Campobasso ITA"]
[Date "2005.07.10"]
[Round "6"]
[White "Ragnoni, Edoardo"]
[Black "Palladino, Andrea"]
[Result "1-0"]
[WhiteElo "1802"]
[BlackElo "1814"]
[PlyCount "45"]
[EventDate "2005.07.08"]

1. e4 e5 2. Nf3 Nc6 3. Bb5 a6 4. Ba4 Nf6 5. O-O Be7 6. Re1 b5 7. Bb3 O-O 8. d3
d6 9. c3 Bg4 10. h3 Bh5 11. Bg5 Ne8 12. Be3 Kh8 13. g4 Bg6 14. a4 b4 15. Bd5
Qd7 16. cxb4 Rb8 17. Bxc6 Qxc6 18. Nc3 Qd7 19. b5 a5 20. Nd5 Bd8 21. b4 h5 22.
Nh2 hxg4 23. Qxg4 1-0

[Event "XII Festival A"]
[Site "Campobasso ITA"]
[Date "2005.07.10"]
[Round "6"]
[White "Scagliarini, Bruno"]
[Black "Stromboli, Ettore"]
[Result "0-1"]
[WhiteElo "1992"]
[BlackElo "2192"]
[PlyCount "84"]
[EventDate "2005.07.08"]

1. c4 b6 2. Nc3 e6 3. e4 Bb7 4. g3 Bb4 5. Bg2 f5 6. Nge2 Nf6 7. Qb3 Bxc3 8.
Qxc3 Bxe4 9. f3 Bb7 10. O-O O-O 11. d4 c5 12. b3 cxd4 13. Nxd4 a6 14. Ba3 Rf7
15. Rad1 Qc7 16. Rfe1 Nc6 17. Nxc6 Bxc6 18. Bd6 Qb7 19. Re3 b5 20. Qd2 Rc8 21.
Qd3 Ne8 22. Bf4 Qb6 23. Kh1 Qc5 24. Re2 bxc4 25. bxc4 d5 26. Rxe6 dxc4 27. Qc3
Rd7 28. Rde1 Rd3 29. Qa1 c3 30. Be3 Qd5 31. Bg5 Ba4 32. Rxa6 Rd1 33. Rxa4 Rxa1
34. Rxa1 c2 35. Rc1 Qd1+ 36. Bf1 Qxf3+ 37. Bg2 Qd1+ 38. Bf1 Nd6 39. Ra3 Ne4 40.
Be3 Nf2+ 41. Kg1 Ng4 42. Rd3 Nxe3 0-1

[Event "XII Festival A"]
[Site "Campobasso ITA"]
[Date "2005.07.10"]
[Round "6"]
[White "Stromboli, Carlo"]
[Black "Bottega, Antonio"]
[Result "1-0"]
[WhiteElo "2158"]
[BlackElo "1814"]
[PlyCount "73"]
[EventDate "2005.07.08"]

1. e4 c5 2. Nf3 e6 3. Nc3 Nc6 4. d4 cxd4 5. Nxd4 Qc7 6. Be3 Nf6 7. Be2 Bb4 8.
Ndb5 Qb8 9. O-O a6 10. a3 Be7 11. Nd4 O-O 12. f4 d6 13. Nb3 b5 14. g4 Bb7 15.
g5 Nd7 16. Rf3 Re8 17. h4 Qc7 18. h5 Rac8 19. Rh3 Nf8 20. Qe1 b4 21. Na4 d5 22.
Nac5 d4 23. Bd2 bxa3 24. bxa3 Ra8 25. Nxb7 Qxb7 26. Bd3 e5 27. f5 Qd7 28. Qg3
f6 29. g6 Bd6 30. Bc4+ Kh8 31. Kg2 Ne7 32. Bf7 Rec8 33. h6 Rxc2 34. hxg7+ Kxg7
35. gxh7+ Kxf7 36. h8=Q Nxf5 37. Qh5+ 1-0

[Event "XII Festival A"]
[Site "Campobasso ITA"]
[Date "2005.07.10"]
[Round "6"]
[White "Vincenzi, Marco"]
[Black "Cordi', Domenico"]
[Result "1-0"]
[WhiteElo "2053"]
[BlackElo "2086"]
[PlyCount "43"]
[EventDate "2005.07.08"]

1. e4 c5 2. Nf3 e6 3. d4 cxd4 4. Nxd4 Nf6 5. Nc3 d6 6. Be2 Be7 7. O-O O-O 8.
Kh1 a6 9. f4 Qc7 10. Bf3 Nc6 11. Be3 Bd7 12. Qe1 Rab8 13. Rd1 b5 14. a3 Rfc8
15. Qg3 Kh8 16. e5 dxe5 17. fxe5 Nxd4 18. exf6 Qxg3 19. hxg3 Nf5 20. Bf2 Bxf6
21. Rxd7 Bxc3 22. bxc3 1-0

[Event "XII Festival A"]
[Site "Campobasso ITA"]
[Date "2005.07.10"]
[Round "6"]
[White "Viterbo, Luca"]
[Black "Sannino, Raffaele"]
[Result "1/2-1/2"]
[WhiteElo "1802"]
[BlackElo "2005"]
[PlyCount "75"]
[EventDate "2005.07.08"]

1. e4 e5 2. Nf3 Nc6 3. Bb5 Bc5 4. O-O Nd4 5. Nc3 Nxb5 6. Nxb5 c6 7. Nc3 d6 8.
Na4 Bb4 9. c3 Ba5 10. b4 Bc7 11. d3 Bg4 12. h3 Bxf3 13. Qxf3 Qf6 14. Qxf6 Nxf6
15. Be3 Nh5 16. Nb2 Bb6 17. Bxb6 axb6 18. g3 Ke7 19. a4 Ra6 20. Ra2 Rha8 21.
Rfa1 Nf6 22. Kg2 d5 23. Kf3 g6 24. Ke3 Ne8 25. Nd1 Nd6 26. f3 Kd7 27. Kd2 b5
28. exd5 cxd5 29. Ne3 Ke6 30. a5 b6 31. g4 Nb7 32. c4 bxc4 33. dxc4 dxc4 34.
Nxc4 bxa5 35. Nxa5 f5 36. Ra3 Kf6 37. Nc4 Rxa3 38. Rxa3 1/2-1/2

[Event "III Festival Marche Estate Magistrale"]
[Site "Falconara Marittima ITA"]
[Date "2005.07.18"]
[Round "1"]
[White "Astengo, Corrado"]
[Black "Drazic, Sinisa"]
[Result "0-1"]
[WhiteElo "2129"]
[BlackElo "2497"]
[PlyCount "78"]
[EventDate "2005.07.18"]

1.Nf3 g6 2.e4 Bg7 3.d4 d6 4.Nc3 a6 5.a4 b6 6.Bc4 e6 7.Qe2 Ne7 8.Bf4 h6 9.
Rd1 c6 10.O-O O-O 11.Rfe1 Ra7 12.Qe3 g5 13.Bg3 Ng6 14.e5 d5 15.Bd3 a5 16.
Bxg6 fxg6 17.h4 gxh4 18.Bxh4 g5 19.Bg3 Raf7 20.Ne2 Ba6 21.b3 Nd7 22.Rc1 b5
23.Nc3 Qe7 24.Ra1 b4 25.Nd1 Rf5 26.Qd2 h5 27.Ne3 R5f7 28.c3 Bh6 29.cxb4 
Qxb4 30.Qxb4 axb4 31.Rac1 Rc8 32.Rc2 Bd3 33.Ra2 g4 34.Nh4 c5 35.Rd1 Be4 
36.dxc5 Nxc5 37.Rd4 Bxe3 38.fxe3 Nd3 39.Rd2 Rc3 0-1